| 000 | 00975cab a2200265 4500 | ||
|---|---|---|---|
| 001 | ABS57734 | ||
| 008 | 090401t1997 xxu||||| |||| 00| 0 eng d | ||
| 035 | _a(Sirsi) u81493 | ||
| 041 | _aeng | ||
| 245 | _aTitchmarsh v Surrey CC | ||
| 260 | _c1997 | ||
| 350 | _a0 | ||
| 490 |
_aRating & Valuation Reporter _v[1997] 37 RVR 218-232(15) |
||
| 520 | _aLT 14 March 1997. Compulsory purchase of a car breaker`s business. The claimant to be compensated on the basis of total extinguishment. Items of claim not agreed were permanent loss of profit and loss on stock. Held, compensation determined at £52,787. | ||
| 650 | _aADJUSTMENTS | ||
| 650 | _aCAR BREAKER | ||
| 650 | _aCOMPENSATION | ||
| 650 |
_aCompulsory purchase _96228 |
||
| 650 | _aLOSS OF PROFITS | ||
| 650 | _aSTOCK | ||
| 650 | _aTOTAL EXTINGUISHMENT | ||
| 690 | _aENVIRONMENTAL AND LAND CONSULTANCY-PLANNING AND DEVELOPMENT-COMPULSORY PURCHASE AND COMPENSATION | ||
| 942 | _n0 | ||
| 948 | _c16/10/1997 | ||
| 999 |
_c51340 _d51340 |
||